LDR 01242naa#a2200181#i#450# 001 RU\\bibl\121911 005 20260515090840.5 011 ## _a1998-6785 100 ## _a20230321b2023####ek#y0rusy0150####ca 102 ## _aRU 200 1# _aОт самопрезентации к самопроявлению: стратегии подростков видеоблогеров в социальных сетях _eЖурнальная статья 210 1# _aВладивосток _cФедеральное государственное бюджетное образовательное учреждение высшего образования "Владивостокский государственный университет" _d2023 215 ## _a9 с. 608 ## _aЖурнальная статья _2local 675 ## _aСоциальная структура. Общество как социальная система.Личности и персональные характеристики могут быть обозначены через -05 (табл.Ik). 316.3 _z 700 #1 _aХуснутдинова _gМаргарита Рафаильевна 700 #1 _aПоскакалова _gТатьяна Анатольевна 856 4# _aojkum.editorum.ru _u